| 000 | 00631nam a22001937a 4500 | ||
|---|---|---|---|
| 005 | 20130506115412.0 | ||
| 010 | _aENG-106974 | ||
| 020 |
_a9780198090342 _c995.00 |
||
| 020 |
_a019809037x _c995.00 |
||
| 035 | _aEN-90507 | ||
| 037 | _bDBAD/PUB | ||
| 100 | 1 | _aBreman, Jan | |
| 245 | 1 | 0 |
_aAt work in the informal economy of India : _cby Jan Breman _ba perspective from the bottom up / |
| 260 |
_aNew Delhi _bOxford University Press _c2013 |
||
| 270 |
_aYMCA Library Building, 1 Jai Singh Road _bNew Delhi _e110001 |
||
| 300 |
_avi,457p. _c22cm(Hb) |
||
| 500 | _aIncludes bibliographical references and index | ||
| 942 |
_2ddc _cEN _mBRE |
||
| 999 |
_c75101 _d75101 |
||